14 Messages of hope. (Record no. 8741)

000 -LEADER
fixed length control field 00595nam a2200205 a 4500
001 - CONTROL NUMBER
control field :::00006519$&:&@@
003 - CONTROL NUMBER IDENTIFIER
control field OkBaRHE
005 - DATE AND TIME OF LATEST TRANSACTION
control field 20000607103331.0
008 - FIXED-LENGTH DATA ELEMENTS--GENERAL INFORMATION
fixed length control field s1985 j 000 0 eng u
040 ## - CATALOGING SOURCE
Transcribing agency
100 1# - MAIN ENTRY--PERSONAL NAME
Personal name Rest, Friedrich.
245 10 - TITLE STATEMENT
Title 14 Messages of hope.
260 ## - PUBLICATION, DISTRIBUTION, ETC. (IMPRINT)
Place of publication, distribution, etc Grand Rapids, MI., :
Name of publisher, distributor, etc Baker Book House
Date of publication, distribution, etc c1985
300 ## - PHYSICAL DESCRIPTION
Extent 77 p. ;
Dimensions 20 cm.
650 ## - SUBJECT ADDED ENTRY--TOPICAL TERM
Topical term or geographic name as entry element Funeral Service
650 ## - SUBJECT ADDED ENTRY--TOPICAL TERM
Topical term or geographic name as entry element Occasional Sermons
650 ## - SUBJECT ADDED ENTRY--TOPICAL TERM
Topical term or geographic name as entry element Occasional Services
942 ## - ADDED ENTRY ELEMENTS (KOHA)
Source of classification or shelving scheme
Koha item type Books
Copies
Permanent Location Date last seen Copy number Shelving location Source of classification or shelving scheme Date acquired Koha item type Withdrawn status Lost status Price effective from Damaged status Barcode Full call number Not for loan
RHEMA Bible Training College2010-04-141General Stacks 2010-04-14Books  2010-04-14 6519BV 199 .R5